| 000 | 00564nam a22002177a 4500 | ||
|---|---|---|---|
| 003 | OSt | ||
| 005 | 20140310181738.0 | ||
| 008 | 130322t xxu||||| |||| 00| 0 eng d | ||
| 020 | _a8172243928 | ||
| 050 |
_aBF 683 _b.Sa245 1996 |
||
| 082 |
_aTR 153.8 _bSAR 1996 |
||
| 100 |
_aSargent, Andrew. _9788 |
||
| 245 |
_aHow to motivate People / _cSargent, Andrew. |
||
| 260 |
_bJaico Publishing _c1996 |
||
| 300 |
_a95 p. : _c21 cm. |
||
| 521 | _aFaculty | ||
| 541 | _j1 | ||
| 562 | _e1 | ||
| 650 |
_aMotivation (Psychology) _9789 |
||
| 942 |
_2lcc _cBK-TR _kTR |
||
| 999 |
_c2674 _d2674 |
||